Ultimate Michael Jordan quiz - Statistics

General Stats
  • This quiz has been taken 634 times
  • The average score is 15 of 16
Answer Stats
Question Answer % Correct
What jersey number did he most famously wear? 23
98%
How many times did he win the NBA championship? 6
98%
How many times did he win th NBA MVP? 5
97%
What team was he drafted onto? Chicago Bulls
97%
What team did he finish his career on? Washington Wizards
97%
What pick overall was he drafted? 3
96%
What sport did he he take a break from basketball for? Baseball
96%
What nba basketball team is he owner and chairman of? Charlotte Hornets
95%
What other 2 members were part of his big 3? Scottie Pippen
95%
What position did he play? Sg
95%
Dennis Rodman
94%
What is his shoe brand name? Air Jordan
92%
What year was he born in? 1963
89%
What college did he go to? North carolina
87%
What is his full name? Michael Jeffrey Jordan
74%
What is he also commonly called? MJ
67%
No matching quizzes found
Score Distribution
Percent of People with Each Score
Percentile by Number Answered
Your Score History
You have not taken this quiz